Relación del viage hecho por las goletas Sutil y Mexicana en el año de 1792 para reconocer el estrecho de Fuca : (Record no. 189700)

MARC details
000 -LEADER
campo de control de longitud fija 01155nam a2200229 i 4500
001 - NÚMERO DE CONTROL
campo de control 189700
003 - IDENTIFICADOR DE NÚMERO DE CONTROL
campo de control ES-MaACL
005 - FECHA Y HORA DE LA ÚLTIMA TRANSACCIÓN
campo de control 20251003063206.0
008 - DATOS DE LONGITUD FIJA--INFORMACIÓN GENERAL
campo de control de longitud fija 190909s1958 sp |||| | spa d
080 ## - NÚMERO DE LA CLASIFICACIÓN DECIMAL UNIVERSAL
Número de la Clasificación Decimal Universal 917(266)
100 2# - ENTRADA PRINCIPAL--NOMBRE DE PERSONA
Nombre de persona Espinosa y Tello, José,
Fechas asociadas al nombre 1763-1815
9 (RLIN) 126966
245 10 - MENCIÓN DEL TÍTULO
Título Relación del viage hecho por las goletas Sutil y Mexicana en el año de 1792 para reconocer el estrecho de Fuca :
Resto del título con una introducción en que se da noticia de las expediciones executadas anteriormente por los españoles en busca del paso del Noroeste de la América.
260 ## - PUBLICACIÓN, DISTRIBUCIÓN, ETC.
Lugar de publicación, distribución, etc. Madrid :
Nombre del editor, distribuidor, etc. José Porrúa Turanzas,
Fecha de publicación, distribución, etc. 1958.
300 ## - DESCRIPCIÓN FÍSICA
Extensión 2 v., 7 lám., 9 mapas ;
Dimensiones 25 cm.
490 1# - MENCIÓN DE SERIE
Mención de serie Colección Chimalistac de libros y documentos acerca de la Nueva España ;
Designación de volumen o secuencia 1-2
597 ## - NOTA DE DESCRIPCIÓN FÍSICA
NOTA DE DESCRIPCIÓN FÍSICA Vol. 2: Atlas.
651 #4 - PUNTO DE ACCESO ADICIONAL DE MATERIA--NOMBRE GEOGRÁFICO
Nombre geográfico Juan de Fuca (Estrecho)-
Subdivisión general Descubrimientos y exploraciones-
-- Españoles.
9 (RLIN) 168239
651 #4 - PUNTO DE ACCESO ADICIONAL DE MATERIA--NOMBRE GEOGRÁFICO
Nombre geográfico Paso del Noroeste-
Subdivisión general Descubrimientos y exploraciones-
-- Españoles.
9 (RLIN) 169021
830 1# - PUNTO DE ACCESO ADICIONAL DE SERIE-TÍTULO UNIFORME
Título uniforme Colección Chimalistac de libros y documentos acerca de la Nueva España ;
Designación de volumen o secuencia 1-2
9 (RLIN) 182539
852 4# - LOCALIZACIÓN
Ubicación ES-MaACL
Número de control de estantería P-798-1-2
Holdings
Estatus retirado Estado de pérdida Estado de daño No para préstamo Biblioteca de origen Biblioteca actual Ubicación en estantería Fecha de adquisición Fuente de adquisición Total de préstamos Signatura topográfica completa Código de barras Visto por última vez Precio de reemplazo Tipo de ítem Koha
        Biblioteca del Ateneo de Madrid Biblioteca del Ateneo de Madrid Depósito 2 09/09/2019     P-798-1-2 1201092 23/02/2023 23/02/2023 Libro impreso